Types of Russian Federal Subjects - Statistics

General Stats
  • This quiz has been taken 137 times
  • The average score is 5 of 6
Answer Stats
# Answer % Correct
46 Oblast
97%
22 Republic
97%
9 Krai
89%
3 Federal City
82%
4 Autonomous Okrug
76%
1 Autonomous Oblast
71%
No matching quizzes found
Score Distribution
Percent of People with Each Score
Percentile by Number Answered
Your Score History
You have not taken this quiz